|
|
|
|
| LEADER |
00000nab a2200000 a 4500 |
| 001 |
vtls009185738 |
| 003 |
SK-MaSNL |
| 005 |
20260304153950.0 |
| 008 |
250507c1966 xo |||||| b ||00 b|slo |
| 015 |
|
|
|a SNBRB2008/02
|2 snkbucl
|
| 035 |
|
|
|a (uuid)cde3e707-0c55-4f1c-83c8-fd2dffcbf948
|
| 035 |
|
|
|a urn:nbn:sk:snk-abc378
|
| 035 |
|
|
|a (urnnbn)urn:nbn:sk:snk:ar-002qx5
|
| 038 |
|
|
|a SNKBUCL
|
| 040 |
|
|
|a SNKBUCL
|b slo
|c SNKBUCL
|e AACR2
|
| 041 |
0 |
|
|a slo
|
| 044 |
|
|
|a xo
|c SK
|
| 080 |
|
|
|a 811.162.4`37
|2 1997
|
| 080 |
|
|
|a 811.162.4`373.6
|2 1997
|
| 080 |
|
|
|a 81`37:811.162.4
|2 1997
|
| 080 |
|
|
|a 81`373.6:811.162.4
|2 1997
|
| 100 |
1 |
|
|a Uhlár, Vlado,
|d 1912-1996
|4 aut
|9 106775
|
| 245 |
1 |
0 |
|a Zrebe (zhrebe)
|b (význam, pôvod, rozšírenie a morfologické zaradenie)
|c Vlado Uhlár
|
| 504 |
|
|
|a Bibliogr. odkazy a literatúra v poznámkach
|
| 650 |
0 |
7 |
|a slovenčina
|2 snkbucl
|9 1350
|
| 650 |
0 |
7 |
|a slovná zásoba
|2 snkbucl
|9 66837
|
| 650 |
0 |
7 |
|a etymológia
|2 snkbucl
|9 16982
|
| 650 |
0 |
7 |
|a sémantika
|2 snkbucl
|9 22710
|
| 773 |
0 |
|
|t Slovenská reč
|g Roč. 31, č. 4 (1966), s. 228-235
|
| 850 |
|
|
|a Slovenská národná knižnica
|
| 852 |
|
|
|a Slovenská národná knižnica
|
| 954 |
|
|
|a odborná, vedecká literatúra pôvodná (slovenská)
|2 lita
|
| 958 |
|
|
|a article15
|
| 958 |
|
|
|a OND
|
| 958 |
|
|
|a NB
|
| 958 |
|
|
|a EUIPO
|
| 999 |
|
|
|c 2955729
|d 2957659
|